|
|
|
|
| LEADER |
01617nam a2200361 a 4500 |
| 001 |
30278 |
| 003 |
BD-DhAAL |
| 005 |
20151125174757.0 |
| 008 |
151125r20122000enk b 001 0 eng |
| 010 |
|
|
|a 00268508
|
| 020 |
|
|
|a 9780521667999
|
| 020 |
|
|
|a 0521660882 (hardback)
|
| 020 |
|
|
|a 0521667992 (pbk.)
|
| 040 |
|
|
|a DLC
|c DLC
|d DLC
|d BD-DhAAL
|
| 050 |
0 |
0 |
|a JC177
|b .A3 2000
|
| 082 |
0 |
0 |
|a 320.51092
|2 21
|
| 100 |
1 |
|
|a Paine, Thomas,
|d 1737-1809.
|9 16504
|
| 240 |
1 |
0 |
|a Works.
|f 2000
|
| 245 |
1 |
0 |
|a Political writings /
|c Thomas Paine ; edited by Bruce Kuklick.
|
| 250 |
|
|
|a Rev. student ed.
|
| 260 |
|
|
|a Cambridge ;
|a New York :
|b Cambridge University Press,
|c c2000 [reprinting 2012]
|
| 300 |
|
|
|a xxx, 347 p. ;
|c 23 cm.
|
| 490 |
|
0 |
|a Cambridge texts in the history of political thought
|
| 504 |
|
|
|a Includes bibliographical references (p. xxvii-xxix) and index.
|
| 505 |
0 |
|
|a Common sense (1776) -- The crisis, number I (1776) -- Rights of man, part I (1791) -- Rights of man, part II (1792) -- The age of reason, part I (1794) -- Agrarian justice (l797).
|
| 541 |
|
|
|e 30278
|
| 650 |
|
0 |
|a Political science
|v Early works to 1800.
|9 16505
|
| 700 |
1 |
|
|a Kuklick, Bruce,
|d 1941-
|9 16506
|
| 856 |
4 |
2 |
|3 Publisher description
|u http://www.loc.gov/catdir/description/cam021/00268508.html
|
| 856 |
4 |
1 |
|3 Table of contents
|u http://www.loc.gov/catdir/toc/cam022/00268508.html
|
| 942 |
|
|
|2 ddc
|c BK
|
| 999 |
|
|
|c 36296
|d 36296
|
| 952 |
|
|
|0 0
|1 0
|2 ddc
|4 0
|6 320_510920000000000_PAI
|7 0
|9 57056
|a BRACUL
|b BRACUL
|c GEN
|d 2015-11-25
|e Karim International
|g 1484.00
|l 9
|m 13
|o 320.51092 PAI
|p 3010030278
|r 2022-08-24
|s 2022-05-16
|t 1
|w 2015-11-25
|y BK
|